बजरंग व्यावहारिक व्याकरण / (Record no. 14026)

MARC details
000 -LEADER
fixed length control field 01174nam a22002417a 4500
005 - DATE AND TIME OF LATEST TRANSACTION
control field 20080626112311.0
008 - FIXED-LENGTH DATA ELEMENTS--GENERAL INFORMATION
fixed length control field 080626t xxu||||| |||| 00| 0 hin d
010 ## - LIBRARY OF CONGRESS CONTROL NUMBER
LC control number HIN-83650
020 ## - INTERNATIONAL STANDARD BOOK NUMBER
International Standard Book Number 9788190405423
Terms of availability 125.00
035 ## - SYSTEM CONTROL NUMBER
System control number HN-55996
037 ## - SOURCE OF ACQUISITION
Source of stock number/acquisition DBAD / PUB
040 ## - CATALOGING SOURCE
Original cataloging agency DPL
Language of cataloging HN
082 ## - DEWEY DECIMAL CLASSIFICATION NUMBER
Classification number 425 / श्रीशर
100 ## - MAIN ENTRY--PERSONAL NAME
Personal name श्री शरण
245 ## - TITLE STATEMENT
Title बजरंग व्यावहारिक व्याकरण /
Statement of responsibility, etc श्री शरण
246 ## - VARYING FORM OF TITLE
Title proper/short title Bajrang Vyavaharik Vyakaran
Remainder of title by Shri Sharan
260 ## - PUBLICATION, DISTRIBUTION, ETC. (IMPRINT)
Place of publication, distribution, etc नई दिल्ली
Name of publisher, distributor, etc इंडिया बुक्स कम्पनी
Date of publication, distribution, etc 2006
270 ## - ADDRESS
Address डब्लू जैड-77/बी-9, द्वितीय तल, शू मार्किट. उत्तम नगर
City नई दिल्ली
Postal code 110059
300 ## - PHYSICAL DESCRIPTION
Extent 118पृ
Dimensions 22सेमी(सजिल्द)
650 ## - SUBJECT ADDED ENTRY--TOPICAL TERM
Topical term or geographic name as entry element Hindi Grammar
942 ## - ADDED ENTRY ELEMENTS (KOHA)
Koha item type Hindi Books
Source of classification or shelving scheme Dewey Decimal Classification
Classification part 425
Call number suffix श्रीशर
Holdings
Withdrawn status Lost status Damaged status Not for loan Collection code Home library Current library Date acquired Source of acquisition Cost, normal purchase price Total Checkouts Full call number Barcode Date last seen Copy number Cost, replacement price Price effective from Koha item type
      Not For Loan Non-fiction D.B.Act.Division D.B.Act.Division 26/06/2008 पु.प्र.अ.प्र /प्रका 125.00   425 श्रीशर HN-55996 15/09/2008 1 125.00 15/09/2008 Hindi Books

© Delhi Public Library
Hit Counter
free hit counter